Clubes de Futebol Portugueses - Statistics

Estatísticas Gerais
  • Esse quiz foi jogado 388 vezes
  • A pontuação média é 14 de 16
Estatísticas das Respostas
Imagem Resposta % Correto
Benfica
100%
Porto
100%
Sporting
100%
Braga
99%
Leixões
87%
Boavista
86%
Estoril Praia
86%
Marítimo
86%
Famalicão
85%
Nacional
84%
Gil Vicente
81%
Vitória SC
81%
Rio Ave
80%
Paços de Ferreira
79%
Chaves
76%
Farense
67%
Nenhum quiz correspondente encontrado
Distribuição das Pontuações
Porcentagem de Pessoas com Cada Pontuação
Percentil de Números Respondidos
Sua Pontuação Histórica
Você não jogou esse quiz